00738nam a22001937a 4500999001900000005001700019010001500036020002700051035001400078037001300092082001300105100001400118245012000132260009300252270001900345300002800364942002700392952012500419 c189402d18940220220629100713.0 aENG-133405 a9789380705040c1245.00 aEN-116737 bDBAD/PUB a307.7754 aOta, A.B. aReview Of Tribal Sub-Plan Approach in Orrisa:bStudy of Provision, Implementation and Outcome/cA.B. Ota [et.al...] aBhubaneswarbScheduled Castes and Scheduled Tribes Research and Training Institutec2010 bOrissae751003 axxxvi, 462p.c25cm (hb) 2ddccENh307.7754mREV 001040708NFICaAVbAVd2022-06-29eDBAD/PUBg1245.00l0o307.7754 REVpEN-116937r2022-06-29 00:00:00t1v1245.00yEN